000 00611nam a2200229 i 4500
001 C2-0292513
003 PPAK
005 20180728024528.0
008 090106s2000 nyu |||| ||||| | eng d
020 _a1883011760
040 _aPPAK
_beng
_cPPAK
_erda
082 0 4 _a973.8092
_223
090 0 0 _a973.8092
_bSLA
_dLCK
245 0 0 _aSlave narratives
264 1 _aNew York :
_bThe Library of America ,
_c2000
300 _a1035 pages ;
_c21 cm
336 _2rdacontent
_atext
337 _2rdamedia
_aunmediated
338 _2rdacarrier
_avolume
650 1 0 _aAbolitionist - U.S. - Biography
942 _ddc
_cB
999 _c97378
_d97378